La biblia de los niños / (Registro nro. 12382)

Detalles MARC
000 -LIDER
fixed length control field 02194cam a2200301 i 4500
003 - IDENTIFICACDOR DE NÚMERO DE CONTROL
control field DO-SdBNP
005 - DATE AND TIME OF LATEST TRANSACTION
control field 20180216093143.0
008 - ELEMENTOS DE LONGITUD FIJA
fixed length control field 100514s 1997 sp a | |||| 000 f spa
015 ## - NÚMERO DENTRO DE LA BIBLIOGRAFÍA NACIONAL
National bibliography number
017 ## - NÚMERO DE REGISTRO DE DERECHOS DE AUTOR
Copyright or legal deposit number
Assigning agency
020 ## - ISBN
International Standard Book Number 8482591290 (obra completa)
020 ## - ISBN
International Standard Book Number 8482591304 (antiguo testamento)
020 ## - ISBN
International Standard Book Number 8482591312 (nuevo testamento)
035 ## - NÚMERO LOCAL
System control number
040 ## - FUENTE DE CATALOGACIÓN
Agencia que crea de manera original el registro BPMSU
Idioma de catalogación spa
Agencia que realiza la transcripción BPMSU
Convenciones de la despripción
080 ## - NÚMERO DE CLASIFICACIÓN DECIMAL UNIVERSAL
Universal Decimal Classification number
245 13 - MENCIÓN DE TITULO
Título La biblia de los niños /
Medio (Designación general de material)
Mención de responsabilidad seleccion de los textos E. Ruiz ; ilustraciónes M. Nigot
260 ## - PUBLICACIÓN, DISTRIBUCIÓN, ETC. (PIE DE IMPRENTA)
Lugar de publicación, distribución, etc Barcelona :
Nombre del editor, distribuidor, etc. Ediciones Nauta,
Fecha de publicación, distribución, etc 1997.
300 ## - DESCRIPCIÓN FÍSICA
Extensión 2 v. p.:
Otros detalles físicos il.
Dimensiones 38 cm.
500 ## - NOTA GENERAL
Nota general Edición gigante ilustrada.
505 #2 - NOTA DE CONTENIDO
Título Antiguo Testamento --
Información miscelánea La creación --
-- El paraíso terrenal --
-- Los descendientes de Adán y Eva --
-- El diluvio universal --
-- La torre de Babel --
-- Abraham e Isaac --
-- Jacob --
-- José --
-- Moisés --
-- La salida de Egipto --
-- Los diez mandamientos --
-- Canaán, la tierra prometida --
-- Los jueces --
-- Sansón --
-- David y Goliat --
-- El rey David --
-- Salomón --
-- Elías --
-- Jonás --
-- Judith y Holofernes --
-- Isaías, Jeremías y Ezequiel --
-- Daniel --
-- Esther y Asuero --
-- Job y Tobías --
-- Regreso a Judea --
-- Eleazar, Matatías y los Macabeos --
-- Herodes, esperando al Mesías --
505 #2 - NOTA DE CONTENIDO
Título Nuevo Testamento --
Información miscelánea Los Evangelios --
-- Juan el Bautista --
-- La anunciación --
-- El nacimiento del niño Dios --
-- Jesús se pierde en el templo --
-- El bautismo de Jesús --
-- Los doce apóstoles --
-- La muerte de Juan el Bautista --
-- Las bodas de Caná y la pesca milagrosa --
-- El sermón de la montaña --
-- Jesús multiplica los panes y los peces y camina sobre las aguas --
-- Enseñanzas y parábolas --
-- La resurrección de Lázaro y otros milagros --
-- La transfiguración --
-- Entrada triunfal en Jerusalén --
-- La última cena --
-- La pasión --
-- La crucifixión y la muerte --
-- La resurrección y la ascensión a los cielos --
-- San Pablo --
-- San Pedro, la iglesia y el papado --
-- Los primeros Mártires y las Epístolas --
-- El Apocalipsis --
-- El mensaje de la biblia --
700 12 - ASIENTO SECUNDARIO -- NOMBRE PERSONAL
Nombre personal Ruiz, E.
Mención de responsabilidad textos
700 12 - ASIENTO SECUNDARIO -- NOMBRE PERSONAL
Nombre personal Nigot, M
Mención de responsabilidad il.
942 ## - ADDED ENTRY ELEMENTS (KOHA)
Source of classification or shelving scheme Dewey Decimal Classification
Koha item type Libros
945 ## - INFORMACIÓN DE PROCESAMIENTO LOCAL
Información de procesamiento local Inventariado, 2018 / BT
956 ## - LOCAL ELECTRONIC LOCATION AND ACCESS (OCLC)
Nombre de host YLOCKWARD
Campo enlazado y núm. de secuencia 10
Información de compresión BPMSU
Existencias
Withdrawn status Lost status Source of classification or shelving scheme Damaged status Not for loan Collection code Home library Current library Date acquired Source of acquisition Total Checkouts Barcode Date last seen Copy number Cost, replacement price Price effective from Koha item type
    Dewey Decimal Classification     Colección Infantil General Biblioteca Pública Metropolitana Salomé Ureña Biblioteca Pública Metropolitana Salomé Ureña 12/09/2016 Compra en la casa de las enciclopedias   BPMSU16120258 12/09/2016 v. 1 5500.00 12/09/2016 Libros
    Dewey Decimal Classification     Colección Infantil General Biblioteca Pública Metropolitana Salomé Ureña Biblioteca Pública Metropolitana Salomé Ureña 12/09/2016 Compra en la casa de las enciclopedias   BPMSU16120259 12/09/2016 v. 2 5500.00 12/09/2016 Libros